A Catalogue of the Lords spirituall and temporall of the higher House of Parliament, 1640

Bibliographic Details
Format: eBook
Language:English
Published: London : Printed by I.D. for Tho. Walkley, and are to be sold at his shop between Brittains Bursse, and Yorke House, 1640.
Series:Early English books online.
Subjects:
Online Access:Connect to the full text of this electronic book

MARC

Tag First Indicator Second Indicator Subfields
LEADER 00000nam a2200000Ia 4500
001 in00004198621
005 20200806090822.0
006 m g d
007 cr bn |||a|bb|
008 890725s1640 enk or 00| | eng d
035 |a (OCoLC)20064727 
040 |a EBL  |c EBL  |d WaOLN 
037 |a CL0036000050  |b ProQuest. 789 E. Eisenhower Parkway, Ann Arbor, MI 48108-3218 
043 |a e-uk--- 
090 |a DA395  |b .C37 1640 
049 |a UMIA 
245 0 2 |a A Catalogue of the Lords spirituall and temporall of the higher House of Parliament, 1640 
260 |a London :  |b Printed by I.D. for Tho. Walkley, and are to be sold at his shop between Brittains Bursse, and Yorke House,  |c 1640. 
300 |a 1 online resource ([2], 14 pages) 
336 |a text  |b txt  |2 rdacontent 
337 |a computer  |b c  |2 rdamedia 
338 |a online resource  |b cr  |2 rdacarrier 
500 |a Signatures: A⁸. 
500 |a Page 5 misnumbered as 6. 
500 |a Imperfect: print show-through. 
500 |a Formerly STC 24981a--Cf. STC (2nd edition). 
500 |a Reproduction of original in the Harvard University. Library. 
510 4 |a STC (2nd edition)  |c 7746.6 
533 |a Electronic reproduction.  |b Ann Arbor, Mich. :  |c UMI,  |d 1999-  |f (Early English books online)  |n Digital version of: (Early English books, 1475-1640 ; 1727:25)  |7 s1999 miun s 
610 1 0 |a England and Wales.  |b Parliament.  |b House of Lords  |v Directories. 
650 0 |a Nobility  |z Great Britain. 
830 0 |a Early English books online. 
856 4 0 |u http://proxy.library.tamu.edu/login?url=https://search.proquest.com/docview/2240907348  |z Connect to the full text of this electronic book  |t 0 
999 f f |s ad57ca0e-d9b2-35e7-a9c7-5dcced5f24b4  |i abf4eb96-3bc8-3f91-afdb-b226d748dbfd  |t 0 
952 f f |a Texas A&M University  |b College Station  |c Electronic Resources  |d Available Online  |t 0  |e DA395 .C37 1640  |h Library of Congress classification 
998 f f |a DA395 .C37 1640  |t 0  |l Available Online